000 00977nam a2200229Ii 4500
003 JO-AjNU
008 230605s9999||||xx |||||||||||||| ||und||
017 _a2006/5/1270
020 _a9957-19-016-4
040 _aJO-AjNU
_bara
_erda
_cJO-AjNU
041 _aara
050 1 4 _aLA1473.I785.2006
100 3 _aزعبلاوي،عصام وآخرون/كنعان،طاهرم.مشارك/بدران،عدنان م.مشارك/طوقان،خالد م.مشارك/محمد،حمدان مراجع ومقدم,
_eauthor
_922276
245 0 0 _aإستراتيجية التعليم العالي في الأردن
250 _aط1
264 3 1 _aعمان:مؤسسة عبد الحميد شومان،2006/بيروت:المؤسسة العربية للدراسات والنشر،2006
300 _a214ص
336 _atext
_btxt
_2rdacontent
337 _aunmediated
_bn
_2rdamedia
338 _avolume
_bnc
_2rdacarrier
650 4 _aالتعليم العالي-تخطيط-الأردن
_922277
999 _aA7879
_c11447
_d11447